Riválisaik fölé nőttek Mi rejlik a SZEOL AK női kosarasainak 8. helye mögött? /

Elmentve itt :
Bibliográfiai részletek
Szerző: Gyürki Ernő
Dokumentumtípus: Cikk
Megjelent: 1982-05-09
Sorozat:Délmagyarország 72 No. 107
Kulcsszavak:kosárlabda
Online Access:http://dmarchiv.bibl.u-szeged.hu/111312
LEADER 00504nab a2200157 i 4500
001 delm111312
005 20190624124317.0
008 190624s1982 hu o 0|| hun d
040 |a SZTE Délmagyarország Archívum  |b hun 
041 |a hun 
100 1 |a Gyürki Ernő 
245 1 0 |a Riválisaik fölé nőttek   |h [elektronikus dokumentum] :  |b Mi rejlik a SZEOL AK női kosarasainak 8. helye mögött? /  |c  Gyürki Ernő 
260 |c 1982-05-09 
300 |a 6 
490 0 |a Délmagyarország  |v 72 No. 107 
695 |a kosárlabda